[Event "AUT-ch"]
[Site "Feldkirch"]
[Date "2013.07.21"]
[Round "2"]
[White "Kranz, Armin"]
[Black "Proyer, Enno"]
[Result "1/2-1/2"]
[WhiteElo "2115"]
[BlackElo "1911"]
[PlyCount "141"]
[EventDate "2013.07.20"]
[EventType "swiss"]
[EventRounds "9"]
[EventCountry "AUT"]
[SourceTitle "CBM 155 Extra"]
[Source "ChessBase"]
[SourceDate "2013.08.26"]
[SourceVersion "1"]
[SourceVersionDate "2013.08.26"]
[SourceQuality "1"]

1. d4 d5 2. Nf3 Nf6 3. c4 e6 4. g3 Be7 5. Bg2 0-0 6. 0-0 dxc4 7. Ne5 Nc6 8. Bxc6 bxc6 9. Nxc6 Qe8 10. Nxe7+ Qxe7 11. Qa4 e5 12. dxe5 Qxe5 13. Nc3 Qh5 14. Qxc4 c5 15. f3 Be6 16. Qf4 Rab8 17. b3 h6 18. Ba3 Rfc8 19. Rfd1 Rb6 20. Rd6 Qg5 21. Qxg5 hxg5 22. Rad1 Rxd6 23. Rxd6 a5 24. Kf2 g4 25. Ke1 c4 26. b4 axb4 27. Bxb4 gxf3 28. exf3 Ne8 29. Rd2 Rb8 30. Be7 Rb7 31. Bc5 Nc7 32. Ba3 Ra7 33. Bb4 Rb7 34. Ba5 Na6 35. Ne4 Rb5 36. Bc3 Nc5 37. Rd8+ Kh7 38. Ng5+ Kg6 39. h4 Na4 40. Kd2 Nxc3 41. Kxc3 Ra5 42. Rd2 Ra3+ 43. Kb4 c3 44. Rd6 c2 45. Rc6 c1Q 46. Rxc1 Rxa2 47. Nxe6 fxe6 48. Rc5 Kf6 49. f4 Rg2 50. Rg5 Rc2 51. Kb3 Rc1 52. Kb2 Rc8 53. Kb3 Rc1 54. Kb4 Rc2 55. Re5 Rg2 56. Re3 Rc2 57. Re5 Rg2 58. Rg5 Rc2 59. h5 Rc1 60. Rg6+ Kf7 61. Rg5 Kf6 62. Rc5 Rg1 63. Rc3 Kf5 64. Kc5 Kg4 65. Kd6 Rxg3 66. Rxg3+ Kxg3 67. Ke5 Kg4 68. Kxe6 Kxf4 69. Kf7 Kg5 70. Kxg7 Kxh5 71. Kh7 1/2-1/2

[Event "AUT-ch"]
[Site "Feldkirch"]
[Date "2013.07.20"]
[Round "1"]
[White "Handler, Lukas"]
[Black "Kranz, Armin"]
[Result "1-0"]
[WhiteElo "2403"]
[BlackElo "2115"]
[PlyCount "79"]
[EventDate "2013.07.20"]
[EventType "swiss"]
[EventRounds "9"]
[EventCountry "AUT"]
[SourceTitle "CBM 155 Extra"]
[Source "ChessBase"]
[SourceDate "2013.08.26"]
[SourceVersion "1"]
[SourceVersionDate "2013.08.26"]
[SourceQuality "1"]

1. d4 Nf6 2. c4 e6 3. Nf3 b6 4. g3 Ba6 5. b3 Bb4+ 6. Bd2 Be7 7. Bg2 c6 8. 0-0 d5 9. Qc2 0-0 10. Rd1 Nbd7 11. a4 Ne4 12. Be1 Bd6 13. a5 f5 14. Nc3 Qe7 15. Na4 Bb7 16. Nd2 c5 17. Nxe4 dxe4 18. dxc5 Nxc5 19. Bc3 Nxa4 20. Rxa4 Bc6 21. Raa1 Rfd8 22. axb6 axb6 23. e3 Be8 24. Qb2 Rac8 25. Bf1 Bh5 26. Rd2 h6 27. Ra6 Rb8 28. Qa1 Rb7 29. Ra8 Rdb8 30. Rxb8+ Bxb8 31. Qa8 Kh7 32. b4 Be8 33. b5 Ba7 34. Rd8 Bh5 35. Rg8 e5 36. Bxe5 Qxe5 37. Rh8+ Kg6 38. Qxb7 Qa1 39. Qc6+ Kf7 40. Qe8+ 1-0

[Event "AUT-chT2W 1213"]
[Site "Austria"]
[Date "2012.10.07"]
[Round "3.5"]
[White "Kranz, Armin"]
[Black "Kessler, Luca"]
[Result "0-1"]
[WhiteElo "2142"]
[BlackElo "2242"]
[PlyCount "54"]
[EventDate "2012.10.05"]
[EventType "team-tourn"]
[EventRounds "11"]
[EventCountry "AUT"]
[SourceTitle "EXT 2013"]
[Source "ChessBase"]
[SourceDate "2012.11.22"]
[SourceVersion "1"]
[SourceVersionDate "2012.11.22"]
[SourceQuality "1"]
[WhiteTeam "Goetzis"]
[BlackTeam "Hohenems II"]
[WhiteTeamCountry "AUT"]
[BlackTeamCountry "AUT"]

1. d4 d5 2. Nf3 Nf6 3. c4 e6 4. g3 dxc4 5. Bg2 Nc6 6. 0-0 Rb8 7. Nc3 b5 8. Ne5 Nxe5 9. dxe5 Nd7 10. Qd4 c5 11. Qe3 Qc7 12. f4 Be7 13. Qf2 0-0 14. Be3 a6 15. Rfd1 Bb7 16. Rd2 Bxg2 17. Qxg2 Nb6 18. a4 b4 19. Ne4 c3 20. bxc3 Nc4 21. Rd3 b3 22. Nd2 b2 23. Rb1 Na3 24. c4 Nxb1 25. Nxb1 Qa5 26. Qf1 Qxa4 27. Qe1 Qxc4 0-1

[Event "AUT-chT2W 1213"]
[Site "Austria"]
[Date "2012.10.06"]
[Round "2.5"]
[White "Poettinger, Harald"]
[Black "Kranz, Armin"]
[Result "1-0"]
[WhiteElo "2238"]
[BlackElo "2142"]
[PlyCount "141"]
[EventDate "2012.10.05"]
[EventType "team-tourn"]
[EventRounds "11"]
[EventCountry "AUT"]
[SourceTitle "EXT 2013"]
[Source "ChessBase"]
[SourceDate "2012.11.22"]
[SourceVersion "1"]
[SourceVersionDate "2012.11.22"]
[SourceQuality "1"]
[WhiteTeam "Bregenz"]
[BlackTeam "Goetzis"]
[WhiteTeamCountry "AUT"]
[BlackTeamCountry "AUT"]

1. c4 Nf6 2. g3 e5 3. Bg2 d5 4. cxd5 Nxd5 5. Nf3 Nc6 6. 0-0 Be7 7. d4 e4 8. Ne5 Nxe5 9. dxe5 f5 10. exf6 Nxf6 11. Qb3 Qd7 12. Nc3 Qf5 13. Nxe4 Nxe4 14. Qa4+ Bd7 15. Qxe4 Qxe4 16. Bxe4 c6 17. Be3 Bf6 18. Rfd1 a5 19. Bd4 a4 20. Rac1 Be6 21. Bxf6 gxf6 22. a3 Ke7 23. f3 h5 24. Kf2 f5 25. Bd3 h4 26. Ke3 Rad8 27. Bc2 hxg3 28. hxg3 b5 29. Kf4 Rdf8 30. Bd3 Bd7 31. Rh1 Rhg8 32. Rh7+ Ke6 33. Rch1 Be8 34. R7h6+ Bg6 35. R1h5 Ke7 36. Rg5 Rf6 37. Bxf5 Rxf5+ 38. Rxf5 Bxf5 39. Kxf5 Rxg3 40. Rxc6 Rg2 41. Re6+ Kf7 42. Re5 Rh2 43. Kg4 Rg2+ 44. Kh3 Rg1 45. Kh2 Rc1 46. Rxb5 Rc2 47. Re5 Rxb2 48. Kg3 Rb3 49. e4 Rxa3 50. Ra5 Ra1 51. Kf4 a3 52. Ke5 a2 53. f4 Rb1 54. Rxa2 Rb5+ 55. Kd4 Rb4+ 56. Kd5 Rb5+ 57. Kc4 Rb1 58. Ra7+ Ke6 59. Ra6+ Ke7 60. f5 Rd1 61. Re6+ Kd7 62. Re5 Rc1+ 63. Kd4 Rd1+ 64. Ke3 Rf1 65. Re6 Ra1 66. Kf4 Rh1 67. Ke5 Rh2 68. Ra6 Rh5 69. Ra7+ Kc6 70. Ke6 Rh6+ 71. f6 1-0